Normal view MARC view

Entry Personal Name

Number of records used in: 2

001 - CONTROL NUMBER

  • control field: 22267

003 - CONTROL NUMBER IDENTIFIER

  • control field: dpl

005 - DATE AND TIME OF LATEST TRANSACTION

  • control field: 20100929103619.0

008 - FIXED-LENGTH DATA ELEMENTS

  • fixed length control field: 100929|||a|||||| | ||| d

040 ## - CATALOGING SOURCE

  • Original cataloging agency: dpl
  • Transcribing agency: dpl

100 ## - HEADING--PERSONAL NAME

  • Personal name: Kapoor, Alyona

670 ## - SOURCE DATA FOUND

  • Source citation: Work cat.: (dpl)35531: Kapoor, Sanjeev 22266, Sanjeev Kapoor's flavours of the orient:, 2009

670 ## - SOURCE DATA FOUND

  • Source citation: Work cat.: (dpl)35531: Kapoor, Sanjeev 22266, Sanjeev Kapoor's flavours of the orient:, 2009

© Delhi Public Library
Hit Counter
free hit counter